Statistics for Square numbers#2 100-999

Click here to take the quiz!

General Stats

  • This quiz has been taken 19 times
  • The average score is 2 of 10

Answer Stats

HintAnswer% Correct
10811664
88%
11412996
25%
512262144
25%
31498596
25%
999998001
25%
525275625
13%
759576081
0%
972944784
0%
986972196
0%
988976144
0%

Score Distribution

Percentile by Number Answered

Percent of People with Each Score

Your Score History

You have not taken this quiz